| 000 | 01983nam a22003017a 4500 | ||
|---|---|---|---|
| 999 |
_c21914 _d21914 |
||
| 003 | AR-CdUCM | ||
| 008 | 190425b ||||| |||| 00| 0 spa d | ||
| 040 |
_aMUNICIPALIDAD PROVINCIAL DEL CUSCO _cBIBLIOTECA MUNICIPAL DEL CUSCO |
||
| 082 | _aRev.Letras/N°1/1948 | ||
| 110 |
_aUniversidad Nacional del Cuzco _923977 |
||
| 245 |
_aRevista Letras : _bórgano de la facultad de Letras de la Universidad Nacional del Cuzco / |
||
| 260 |
_aCusco : _bH.G. Rozas, _c1948. |
||
| 300 |
_a284 páginas. : _c22 cm. |
||
| 440 |
_aUniversidad del Cuzco. _nAño 1, Primer semestre de 1948. N°1 _946811 |
||
| 505 | _aContenido: Justo Sierra maestro de México y América. Luis Velasco Aragón. -- Marcelino Menedez y Pelayo. José Gabriel Cosio. -- Manuel Gonzales Prada periodista, Eulogio Tapia Olarte. -- Ollantaytampu y Ollantay una nueva versión del drama. Alfredo Yépez Miranda. -- San Martín legislador. Jorge Cornejo Bouroncle. -- Algo de nuestra historia sobre la Universidad. Julián Santisteban Ochoa. -- La acción trascendente de los héroes nacionales. Abraham Vizcarra Rozas. -- Los supuestos restos de los conquistadores encontrados en el templo de la Merced del Cuzco. Sergio Quevedo A. -- Homenaje póstumo al doctor Julio C. Tello. Luis A. Pardo. -- Influencia del Altiplano en la música Argentina. Gastón O. Telamón. -- Las adivinanzas quechuas. Víctor Navarro del Águila. -- El río en el folklore. Edmundo Delgado Vivanco. -- Juan del Valle y Caviedes. Gustavo Pérez Ocampo. | ||
| 650 |
_aNarrativa cusqueña _910453 |
||
| 650 |
_aEscritores cusqueños _910661 |
||
| 650 |
_aLiteratura cusqueña _946804 |
||
| 700 |
_aVelasco Aragón, Luis _945947 |
||
| 700 |
_aTapia Olarte, Eulogio _932463 |
||
| 700 |
_aCornejo Bouroncle, Jorge _915278 |
||
| 700 |
_aPardo, Luis A _925736 |
||
| 700 |
_aNavarro del Águila, Víctor _932360 |
||
| 700 |
_aDelgado Vivanco, Edmundo _925661 |
||
| 700 |
_aPérez Ocampo, Gustavo _946812 |
||
| 942 |
_2ddc _cPP |
||
| 945 | _arac | ||